000 00510cam a2200169 4500500
005 20260405003832.0
041 _afre
042 _adc
100 1 0 _aMaillard, Denis
_eauthor
245 0 0 _aLe Pourquoi du comment
260 _c2024.
500 _a93
690 _aFrédéric Worms
690 _aVitalisme
786 0 _nPhilosophie magazine | 178 | 4 | 2024-04-01 | p. 51-51 | 1951-1787
856 4 1 _uhttps://shs.cairn.info/magazine-philosophie-magazine-2024-4-page-51?lang=fr&redirect-ssocas=7080
999 _c2071305
_d2071305